Statistiche per Ricostruisci la Carriera del Calciatore - Cristian Brocchi

Clicka qui per fare il quiz!

Statistiche generali

  • Questo quiz è stato fatto 2 volte
  • Il punteggio medio è 5 su 8

Statistiche sulle risposte

HintRisposta% Corretto
2008-2013 Lazio
100%
1995-1997Pro Sesto
100%
1998-2000 Verona
100%
2005-2006Fiorentina
50%
1997-1998Lumezzane
50%
2001-2005 Milan
50%
2006-2008 Milan
50%
2000-2001 Inter
0%

Distribuzione punteggi

Percentile per numero di risposta

Percentuale di utenti per punteggio

I tuoi punteggi nel tempo

Non hai fatto questo quiz